000 00744 a2200193 4500
003 Nust
005 20221229121823.0
010 _a40033918
040 _cNust
082 _a355.02,LAN
100 _aLangdon-Davies, John,
_949066
245 _aFinland;
_bthe first total war /
_cJohn Langdon-Davies
260 _aG. Routledge
_bLondon,
_c1940
300 _aix, 202 p
_bfront.
_cillus. (incl. maps) plates
_ediagrs
_f21 cm
505 _aFinnish Guerrilla (Page-1), The War on the Isthmus (Page-73), The against Civilians (Page-130), Subjective (Page-130), Objective (Page-145), Whence Came Finnish Moracle (Page-162).
600 _aLangdon-Davies, John,
_949066
650 _aFinland; the first total war
_9106342
942 _2ddc
_cBK
_k355.02,LAN
999 _c185521
_d185521